000 01575nam a2200361 4500
001 0000020497
003 CO-CtgCURN
005 20250515162142.0
007 ta
008 160627s2002 000 0 eng d
020 _a9505085370 (V1)
020 _a9505085923 (V2)
040 _aCO-CtgCURN
_bspa
_ccoctgcurn
082 0 _a346.082
_bB17c
100 1 _aBarbier, Eduardo Antonio.
245 1 0 _aContratacion bancaria /
_cEduardo Antonio Barbier.
250 _a2a. ed.
260 _aBuenos Aires :
_bEditorial Astrea,
_c2002.
300 _a2 v.
336 _2rdacontent
337 _2rdamedia
_asin mediacion
_bn
338 _2rdacarrier
_avolumen
_bnc
504 _aBibliografia (p. 677-686)
505 8 _av.1. Consumidores y usuarios: Modalidades contractuales de banca individual.--Normas aplicables.--Estructura dinamica negocial.--Depositos.--Creditos.--Servicios.--Garantias.--Condiciones generales.--Responsabilidades Prevencion y resolucion de conflictos.--v.2. Empresas: Financiacion de proyectos.--Prestamo sindicado.--Underwriting.--Leasing.--Factoring.--Fideicomiso.--Credito documentario.--Derivados financieros.--Mandatos.--Fondos comunes de inversion.--Responsabilidad de bancos y empresas
650 1 4 _aContratos bancarios.
650 1 4 _aServicios bancarios.
650 1 4 _aAdministración bancaria.
650 1 4 _aDerecho bancario.
908 _a160627
942 _cBK
_h346.02
_iB17c
_2ddc
_n0
999 _c20070
_d20070